|
|
|
|
| LEADER |
00000cam a2200000 7i4500 |
| 001 |
0000001696 |
| 005 |
20050623.0 |
| 020 |
|
|
|a 012206240X
|
| 040 |
|
|
|a INS
|
| 090 |
0 |
0 |
|a HT169.G72
|b E5835 1983
|
| 245 |
0 |
4 |
|a The future for the city centre-(special publication) Institute of British Geographers Vol. 14
|c ed R. L. Davies and A. G. Champion
|
| 260 |
|
|
|a London :
|b Academic Press ,
|c c1983
|
| 300 |
|
|
|a xip :
|b 294p ;
|c 25 cm.
|
| 650 |
0 |
0 |
|a Cities and towns
|x Growth
|
| 650 |
0 |
0 |
|a Cities and town
|x Planning
|x Congresses
|
| 700 |
1 |
|
|a Champion, A.G
|
| 700 |
1 |
|
|a Davies, R.L.
|
| 710 |
2 |
|
|a Institut of British Geographers
|
| 999 |
|
|
|a 0000000302
|b BOOK
|c Open Shelf
|e Default branch
|